000 01022nam a22002897a 4500
001 7837
003 FISKH
005 20250811151254.0
008 250811b cb ||||| |||| 00| 0 eng d
040 _aFISKH
_beng
_cFISKH
_dFISKH
050 _aPZ7
082 _a823.92
100 _aMason, Conrad
245 _aMacbeth /
_cBased on the play by William Shakespare ; Retold by Conrad Mason ; Illustrated by Christa Unzner
250 _aThis edition first published in 2008
260 _aLondon :
_bUsborne,
_c2008
300 _a64 pages :
_bcolor illustrations ;
_c20 cm
505 _aJ
520 _aMacbeth is the bravest general in Scotland, and a loyal servant of King Duncan. But then he hears that one day, he could be king himself. Mad with ambition, Macbeth sets out on a bloody path to power.
521 8 _a480
_bLexile
521 8 _aJ
_bRaz-Plus
650 _2Artwork
_aClassics
650 _2Drama
_aUsborne
700 _aUnzner, Christa
_dillustrator
942 _2ddc
_cBK
_n0
999 _c7837
_d7837